000 01372nab a2200277 a 4500
005 20250908080324.0
008 991125c2015 sp fr p o 000 0 spa d
035 _aUPN01000208308
040 _aMX-MxUPN
_bspa
_cMX-MxUPN
_eaacr2
049 _aART-E
100 1 _aGarcía Única, Juan
100 1 _aSegura Moreno, Isabel
100 1 _uisegura@fundacionsafa.es
245 1 0 _aAlteridad y lectura via negationis : una propuesta didáctica para la enseñanza de la literatura medieval
506 0 _aAcceso abierto
520 3 _aEn este artículo proponemos una detenida consideración de dos conceptos básicos de la teoría de la recepción de Hans - Robert Jauss tomados de su clásico estudio «Alteridad y modernidad de la literatura medieval». Estos conceptos serán los de alteridad y lectura via negationis . Nuestra aproximación partirá de la definición hermenéutica de ambos para acabar explorando sus posibilidades didácticas en la enseñanza universitaria de la literatura medieval.
650 4 _aLectura
_913351
653 0 _aAlteridad
653 0 _aLiteratura medieval
653 0 _aDidáctica
773 _gVol. 17, no. 1 (2015), p. 131-163
_tAula de encuentro
_x2341-4847
856 4 _uhttps://revistaselectronicas.ujaen.es/index.php/ADE/article/view/2262
902 _aGloria Jiménez/080925
905 _aArticulo
942 _cART-E
999 _c180409
_d180409